000 01041nam a2200205Ia 4500
999 _c50843
_d50843
001 17797
003 GE_BSU
005 20200224145513.0
008 181216s1982 xx |||||||||||||| ||eng||
040 _cGE_BSU
080 _a353.03(73) P-97
245 _aPublic papers of the presidents of the United States Jimmy Carter 1980-81. Book III
_b1980-81 (in tree books). book III-september 29, 1980 to january 20, 1981
264 _aWashington :
_bUnited States government printing office,
_c1982.
300 _a3050 p. :
_c26 cm.
653 _a1980-81 (in tree books). book III-september 29, 1980 to january 20, 1981
653 _aPublic papers of the presidents of the United States Jimmy Carter 1980-81.
653 _aშეერთებული შტატების პრეზიდენტების ჯიმი კარტერის საჯარო ფურცლები
653 _aსახელმწიფო ადმინისტრაციული მმართველობა
942 _cBK
_2udc